Villes hôtes de la Coupe du Monde de Football - Statistiques

Statistiques générales
  • Ce quiz a été pris 32 122 fois
    7 732 depuis la dernière actualisation
  • Le résultat moyen est 20 sur 43
Statistiques - réponses
Pays # Ville % Correct
France 20 Paris (Saint-Denis)
97%
France 9 Marseille
92%
Allemagne 9 Berlin
84%
Brésil 15 Rio de Janeiro
84%
États-Unis 15 New York
79%
Russie 12 Moscou
78%
Allemagne 11 Munich
78%
Italie 9 Rome
78%
Angleterre 10 Londres
76%
États-Unis 16 Los Angeles (Pasadena)
76%
Italie 9 Milan
75%
Mexique 31 Mexico
73%
France 8 Bordeaux
70%
Brésil 12 São Paulo
70%
Espagne 8 Barcelone
65%
Argentine 12 Buenos Aires
63%
Allemagne 10 Dortmund
58%
Allemagne 8 Hambourg
54%
Allemagne 10 Francfort-sur-le-Main
53%
Qatar 15 Doha
52%
Afrique du Sud 15 Johannesbourg
50%
Afrique du Sud 8 Le Cap
50%
Uruguay 18 Montevideo
47%
États-Unis 13 Boston
44%
États-Unis 12 San Francisco
44%
Allemagne 10 Stuttgart
40%
Mexique 21 Guadalajara
37%
États-Unis 15 Dallas
35%
États-Unis 8 Atlanta
32%
Suède 8 Stockholm (Solna)
30%
Chili 10 Santiago
28%
Mexique 12 Monterrey
25%
Brésil 9 Belo Horizonte
21%
Allemagne 9 Hanovre
20%
Allemagne 10 Gelsenkirchen
15%
Qatar 10 Lusail
11%
Argentine 8 Córdoba
10%
Afrique du Sud 8 Gqeberha
7%
Chili 8 Valparaíso (Viña del Mar)
7%
Mexique 8 Puebla
6%
Mexique 11 León
5%
Qatar 20 Al Rayyan
4%
Qatar 12 Al Khor
3%
Aucun quiz correspondant
Distribution des résultats
% des personnes avec chaque résultat
Percentile par nombre de réponses
Votre historique - résultats
Vous n’avez pas pris ce quiz depuis la dernière actualisation